| 000 | 00392nam a22001457a 4500 | ||
|---|---|---|---|
| 003 | OSt | ||
| 005 | 20251015093416.0 | ||
| 008 | 251015b |||||||| |||| 00| 0 eng d | ||
| 020 | _a9789966510440 | ||
| 040 | _cTHE JOMO KENYATTA FOUNDATION | ||
| 050 | _aPL 8704 .K56 2015 | ||
| 245 | _aMPERA AOKOTWA PANGONI | ||
| 260 |
_aNAIROBI, KENYA _bTHE JOMO KENYATTA FOUNDATION _c2015 |
||
| 942 |
_2lcc _cBK _n0 |
||
| 999 |
_c9618 _d9618 |
||